Моделирование финансово-экономической деятельности предприятия: учебное пособие

Chi tiết về thư mục
Tác giả chính: Ковалева В. Д. Валентина Даниловна
Tác giả khác: Додонова И. В. Ирина Валентиновна
Tóm tắt:В учебном пособии рассмотрено моделирование финансово-экономической деятельности предприятия в среде комплекса программ «БИЗНЕС-КУРС», которые дают конкретные экономические знания, развивают навыки управления в условиях конкуренции и экономический образ мышления. Для студентов, обучающихся по специальностям 080105 «Финансы и кредит» и 080109 «Бухгалтерский учет, анализ и аудит».
Исключено из фонда НТБ ТПУ
Ngôn ngữ:Tiếng Nga
Được phát hành: Москва, КноРус, 2009
Định dạng: MixedMaterials Sách
KOHA link:https://koha.lib.tpu.ru/cgi-bin/koha/opac-detail.pl?biblionumber=158980

MARC

LEADER 00000nam0a2200000 4500
001 158980
005 20231031154849.0
010 |a 9785390000113  |b 2000 экз. 
021 |a RU  |b 08-89731  |9 08-5244 
035 |a (RuTPU)RU\TPU\book\172424 
090 |a 158980 
100 |a 20081210d2009 m y0rusy5002 ca 
101 0 |a rus 
102 |a RU 
105 |a y j 001zy 
200 1 |a Моделирование финансово-экономической деятельности предприятия  |e учебное пособие  |f В. Д. Ковалева, И. В. Додонова 
210 |a Москва  |c КноРус  |d 2009 
215 |a 278, [1] с.  |d 21 см. 
320 |a Библиогр.: с. 259. 
330 |a В учебном пособии рассмотрено моделирование финансово-экономической деятельности предприятия в среде комплекса программ «БИЗНЕС-КУРС», которые дают конкретные экономические знания, развивают навыки управления в условиях конкуренции и экономический образ мышления. Для студентов, обучающихся по специальностям 080105 «Финансы и кредит» и 080109 «Бухгалтерский учет, анализ и аудит». 
333 |a Исключено из фонда НТБ ТПУ 
686 |a У9(2)261.9я73  |v LBC/SL-A  |2 rubbk 
700 1 |a Ковалева  |b В. Д.  |g Валентина Даниловна  |4 070 
701 1 |a Додонова  |b И. В.  |g Ирина Валентиновна  |4 070 
801 1 |a RU  |b 63413507  |c 20090430  |g PSBO 
801 2 |a RU  |b 63413507  |c 20210204  |g PSBO 
942 |c BK 
959 |a 57/20090429  |d 2  |e 130,00  |f ЧЗГЛ:1  |f АНЛ:1